| 000 | 00370nam a2200145Ia 4500 | ||
|---|---|---|---|
| 008 | 230917s9999||||xx |||||||||||||| ||und|| | ||
| 040 |
_e185452 _aMAIN |
||
| 041 | _aEnglish | ||
| 082 | _a641.86 K527E | ||
| 100 | _aKhatau, Asha | ||
| 245 | 0 | _aEpicure's delectable desserts of the world | |
| 260 |
_aMumbai _bPopular Prakashan _c2005 |
||
| 300 | _a284 p. | ||
| 942 | _cBK | ||
| 999 |
_c153471 _d153471 |
||